000
00203 a2200097 4500
020
_a
9789996409691
041
_a
spa
100
_a
Bustamante Cortez
245
_a
tito y Rayo Basura Galactica
942
_c
BK
999
_c
31479
_d
31477